[Event "Bymesterskapet i Tromsø 2026"]
[Site "Tromsø Sjakklubb"]
[Date "2026.02.13"]
[Round "1"]
[White "Tørfoss, Sivert S."]
[Black "Mikalsen, Odd E."]
[Result "1-0"]
[WhiteElo "2150"]
[BlackElo "1910"]
[PlyCount "89"]
[EventDate "2026.??.??"]

1. d4 Nf6 2. Nf3 d6 3. g3 g6 4. Bg2 Bg7 5. c4 O-O 6. Nc3 c5 7. O-O Na6 8. b3
cxd4 9. Nxd4 Nc5 10. h3 Bd7 11. e4 a6 12. a4 e5 13. Nde2 Qc8 14. Kh2 Be6 15.
Bg5 Qc6 16. Rc1 Rac8 17. b4 Ncd7 18. Nd5 Bxd5 19. exd5 Qb6 20. Qd2 a5 21. bxa5
Qa6 22. Qb4 Nc5 23. Rfd1 e4 24. Rb1 Nd3 25. Qb5 Rxc4 26. Be3 Rfc8 27. Nf4 Ne5
28. Bf1 g5 29. Bxc4 gxf4 30. Qxa6 bxa6 31. Bxa6 Ra8 32. Bb7 Rxa5 33. Bxf4 Nf3+
34. Kg2 Nh5 35. Bxd6 f5 36. Bc6 Be5 37. Rb8+ Kg7 38. Rb7+ Kh6 39. Bf8+ Bg7 40.
Bxg7+ Nxg7 41. d6 Ne6 42. Bb5 Ra8 43. d7 Nd8 44. Rc7 Ne6 45. Rd6 1-0

[Event "Bymesterskapet i Tromsø 2026"]
[Site "Tromsø Sjakklubb"]
[Date "2026.02.13"]
[Round "1"]
[White "Valvåg, Torbjørn"]
[Black "Remman, Frank"]
[Result "1-0"]
[WhiteElo "2082"]
[BlackElo "1846"]
[PlyCount "67"]
[EventDate "2026.??.??"]

1. d4 d5 2. Nf3 e6 3. Bf4 Bd6 4. e3 Bxf4 5. exf4 c5 6. c3 Qd6 7. g3 Nf6 8. Nbd2
b6 9. Bd3 O-O 10. Qe2 Nc6 11. O-O a5 12. Rac1 Bb7 13. Rfd1 cxd4 14. Nxd4 Nxd4
15. cxd4 Rfc8 16. a3 Rxc1 17. Rxc1 Rc8 18. Rxc8+ Bxc8 19. Nb1 Qc7 20. Nc3 Bd7
21. h3 h5 22. Kg2 g6 23. Qe3 Ne8 24. f5 gxf5 25. Qg5+ Ng7 26. Ne2 Kf8 27. Nf4
b5 28. h4 Be8 29. Qh6 Kg8 30. Nh3 f6 31. Qxf6 Qf7 32. Qe5 Qe7 33. Nf4 Kh7 34.
Nxe6 1-0

[Event "Bymesterskapet i Tromsø 2026"]
[Site "Tromsø Sjakklubb"]
[Date "2026.02.13"]
[Round "1"]
[White "Sørensen, Olav N."]
[Black "Solbu, August"]
[Result "0-1"]
[WhiteElo "1773"]
[BlackElo "1949"]
[PlyCount "32"]
[EventDate "2026.??.??"]

1. d4 d5 2. c4 e6 3. Nf3 Nf6 4. g3 Bd6 5. Bg2 O-O 6. O-O Nc6 7. Nc3 dxc4 8. e4
e5 9. dxe5 Nxe5 10. Nd2 Bc5 11. h3 Qd3 12. Kh2 Rd8 13. f4 Neg4+ 14. Kh1 Qxg3
15. hxg4 Qh4+ 16. Bh3 Qxh3# 0-1

[Event "Bymesterskapet i Tromsø 2026"]
[Site "Tromsø Sjakklubb"]
[Date "2026.02.13"]
[Round "1"]
[White "Gulljord, Birk"]
[Black "Nagy, Martin"]
[Result "1-0"]
[WhiteElo "1889"]
[BlackElo "1596"]
[PlyCount "73"]
[EventDate "2026.??.??"]

1. d4 d5 2. c4 dxc4 3. e4 e6 4. Bxc4 Nf6 5. Nc3 Be7 6. Nf3 O-O 7. Bd3 c5 8. d5
exd5 9. exd5 Bg4 10. Bf4 Re8 11. O-O Bd6 12. Bxd6 Qxd6 13. Nb5 Qd7 14. d6 Na6
15. Na3 Nb4 16. Bb5 Nc6 17. Nc4 Bxf3 18. Qxf3 Nd4 19. Bxd7 Nxf3+ 20. gxf3 Nxd7
21. Rfe1 b6 22. Re7 Rad8 23. Rae1 Kf8 24. a4 a6 25. Kg2 Nf6 26. f4 b5 27. axb5
axb5 28. Ne5 Rxd6 29. Rxf7+ Kg8 30. Rb7 b4 31. Rc1 Nd5 32. Rxc5 Nxf4+ 33. Kf3
Nd3 34. Nxd3 Rxd3+ 35. Kg2 Rb3 36. Rcc7 Kh8 37. Re7 1-0

[Event "Bymesterskapet i Tromsø 2026"]
[Site "Tromsø Sjakklubb"]
[Date "2026.02.14"]
[Round "2"]
[White "Solbu, August"]
[Black "Tørfoss, Sivert S."]
[Result "0-1"]
[WhiteElo "1949"]
[BlackElo "2150"]
[PlyCount "132"]
[EventDate "2026.??.??"]

1. e4 e5 2. Nf3 Nc6 3. Bb5 a6 4. Ba4 Nf6 5. O-O Be7 6. Re1 b5 7. Bb3 O-O 8. a4
Bb7 9. d3 d6 10. Nbd2 Nd7 11. c3 Nc5 12. axb5 axb5 13. Rxa8 Qxa8 14. Bc2 b4 15.
d4 Nd7 16. Nf1 bxc3 17. bxc3 Bf6 18. Ng3 Qa1 19. d5 Ne7 20. Qd3 Qa6 21. Be3 Ra8
22. Qd2 Ng6 23. Nf5 Nb6 24. Bd3 Qa3 25. Rb1 Ba6 26. Bxb6 cxb6 27. g3 Bd8 28.
Bxa6 Rxa6 29. Qb2 Bc7 30. Qb5 Qa4 31. Nd2 Ra5 32. Qxa4 Rxa4 33. Kf1 Kf8 34. Ke2
Ne7 35. Nxe7 Kxe7 36. Kd3 Ra2 37. Rc1 Kd7 38. Rc2 Ra1 39. Rb2 Kc8 40. Kc2 Rh1
41. Nf3 Rf1 42. Kd3 h6 43. Ke2 Ra1 44. h4 Kb7 45. h5 Bd8 46. g4 Ka6 47. Nd2 Rg1
48. Kf3 Rc1 49. Rb3 b5 50. Ke2 Bg5 51. Ra3+ Kb7 52. Rb3 Rc2 53. Rxb5+ Kc7 54.
c4 Rxd2+ 55. Kf3 Rd3+ 56. Ke2 Rc3 57. Rb4 Rc2+ 58. Kf3 Bh4 59. Ra4 Rxf2+ 60.
Ke3 Rb2 61. Ra7+ Rb7 62. Ra6 Bg5+ 63. Kd3 Be7 64. Rc6+ Kd7 65. c5 dxc5 66. Kc4
Rb4+ 0-1

[Event "Bymesterskapet i Tromsø 2026"]
[Site "Tromsø Sjakklubb"]
[Date "2026.02.14"]
[Round "2"]
[White "Røyset, Pål"]
[Black "Valvåg, Torbjørn"]
[Result "1/2-1/2"]
[WhiteElo "2084"]
[BlackElo "2082"]
[PlyCount "77"]
[EventDate "2026.??.??"]

1. e4 c5 2. c3 Nf6 3. e5 Nd5 4. d4 cxd4 5. cxd4 e6 6. Nc3 d6 7. Nf3 Nxc3 8.
bxc3 Qc7 9. Bd2 Nd7 10. Ng5 h6 11. exd6 Bxd6 12. Ne4 Bf4 13. Bb5 O-O 14. a4 a6
15. Bd3 b6 16. Bxf4 Qxf4 17. O-O Bb7 18. Re1 Rac8 19. Re3 Qc7 20. Qb3 Kh8 21.
Qa3 Bxe4 22. Bxe4 Nf6 23. Bf3 Nd5 24. Bxd5 exd5 25. Rae1 Qc6 26. a5 bxa5 27.
Qxa5 Rb8 28. g3 Rfc8 29. Re7 Rb5 30. Qa3 Qf6 31. Kg2 Rb6 32. R1e3 Qg6 33. h4
Rf6 34. R7e5 Kh7 35. h5 Qc2 36. Re2 Qd3 37. R2e3 Qc2 38. Re2 Qd3 39. R2e3
1/2-1/2

[Event "Bymesterskapet i Tromsø 2026"]
[Site "Tromsø Sjakklubb"]
[Date "2026.02.14"]
[Round "2"]
[White "Mikalsen, Odd E."]
[Black "Gulljord, Birk"]
[Result "0-1"]
[WhiteElo "1910"]
[BlackElo "1889"]
[PlyCount "52"]
[EventDate "2026.??.??"]

1. e4 c6 2. d4 d5 3. exd5 cxd5 4. c4 Nf6 5. Nc3 Nc6 6. h3 dxc4 7. d5 Na5 8. Nf3
e6 9. Bg5 Be7 10. Be2 O-O 11. O-O Nxd5 12. Bxe7 Qxe7 13. Nxd5 exd5 14. Re1 Be6
15. Nd4 Qf6 16. Bf3 Nc6 17. Nxe6 fxe6 18. Rxe6 Qxb2 19. Rb1 Qd4 20. Bxd5 Qxf2+
21. Kh1 Kh8 22. Bxc4 Nd4 23. Re7 Nf5 24. Rexb7 Ng3+ 25. Kh2 Qf4 26. Qg4 Nf1+
0-1

[Event "Bymesterskapet i Tromsø 2026"]
[Site "Tromsø Sjakklubb"]
[Date "2026.02.14"]
[Round "2"]
[White "Nagy, Martin"]
[Black "Aas, Robert J."]
[Result "0-1"]
[WhiteElo "1596"]
[BlackElo "1887"]
[PlyCount "108"]
[EventDate "2026.??.??"]

1. e4 e6 2. Nf3 d5 3. exd5 exd5 4. d4 Bd6 5. Nc3 c6 6. Bg5 f6 7. Bh4 Ne7 8. Be2
O-O 9. O-O Re8 10. Bg3 Qc7 11. Bxd6 Qxd6 12. h3 Nd7 13. Bd3 Nf8 14. Ne2 Bf5 15.
Ng3 Bxd3 16. Qxd3 Qf4 17. Rae1 Rad8 18. Re3 Nc8 19. Rfe1 Nd6 20. Rxe8 Rxe8 21.
Rxe8 Nxe8 22. Qe3 Qxe3 23. fxe3 Nd6 24. Nd2 Ne6 25. c3 f5 26. b3 f4 27. exf4
Nxf4 28. Kf2 Nb5 29. Kf3 Ne6 30. Ne2 Kf7 31. Nb1 Nd6 32. h4 g5 33. g3 h5 34. a4
g4+ 35. Ke3 Nf5+ 36. Kf2 c5 37. dxc5 Nxc5 38. Nd2 Nd3+ 39. Kg2 a5 40. Nd4 Nxd4
41. cxd4 Ne1+ 42. Kf2 Nc2 43. Ke2 Nxd4+ 44. Kd3 Nf5 45. Nf1 Ke6 46. Kc3 Kd6 47.
b4 d4+ 48. Kc4 Ne3+ 49. Nxe3 dxe3 50. Kd3 axb4 51. Kxe3 Kc5 52. Kd3 b6 53. Kc2
Kc4 54. Kb2 b3 0-1

[Event "Bymesterskapet i Tromsø 2026"]
[Site "Tromsø Sjakklubb"]
[Date "2026.02.14"]
[Round "2"]
[White "Remman, Frank"]
[Black "Sørensen, Olav N."]
[Result "1-0"]
[WhiteElo "1846"]
[BlackElo "1773"]
[PlyCount "75"]
[EventDate "2026.??.??"]

1. d4 Nf6 2. Nf3 d5 3. c4 e6 4. g3 Be7 5. Bg2 O-O 6. Qc2 c6 7. Nbd2 Nbd7 8. O-O
b6 9. e4 dxc4 10. Nxc4 Bb7 11. Re1 Rc8 12. Bf4 c5 13. Ng5 h6 14. e5 Bxg2 15.
exf6 hxg5 16. fxe7 Qxe7 17. Bd6 Qf6 18. Kxg2 Rfd8 19. d5 b5 20. dxe6 bxc4 21.
exd7 Rxd7 22. Be5 Qc6+ 23. Kg1 Qf3 24. Qe2 Qf5 25. Qxc4 Rc6 26. Qe4 Qxe4 27.
Rxe4 Re6 28. Rae1 Rde7 29. f3 f5 30. R4e2 f4 31. Kf2 Rh6 32. Kg2 Rhe6 33. Re4
fxg3 34. hxg3 Rd7 35. Bc3 Red6 36. Re7 g6 37. Rxd7 Rxd7 38. Re5 1-0

[Event "Bymesterskapet i Tromsø 2026"]
[Site "Tromsø Sjakklubb"]
[Date "2026.02.14"]
[Round "3"]
[White "Tørfoss, Sivert S."]
[Black "Gulljord, Birk"]
[Result "1/2-1/2"]
[WhiteElo "2150"]
[BlackElo "1889"]
[PlyCount "73"]
[EventDate "2026.??.??"]

1. Nf3 d5 2. g3 Nf6 3. Bg2 Bf5 4. c4 c6 5. Qb3 Qb6 6. d3 e6 7. O-O h6 8. Nc3
Be7 9. Be3 Qxb3 10. axb3 Na6 11. Nd4 Nb4 12. Nxf5 exf5 13. cxd5 Nfxd5 14. Bxa7
O-O 15. Ra5 Bd8 16. Ra4 Re8 17. Bc5 Rxa4 18. bxa4 Na6 19. Bxd5 Nxc5 20. Bf3 Bf6
21. a5 Nb3 22. a6 Bxc3 23. bxc3 bxa6 24. Bxc6 Rxe2 25. Rb1 Nc5 26. Rd1 Rc2 27.
d4 Ne4 28. d5 Nd6 29. Rd3 Kf8 30. Re3 Ne4 31. c4 Rxc4 32. Rb3 Rc1+ 33. Kg2 Rc2
34. Kg1 Rc1+ 35. Kg2 Rc2 36. Kg1 Rc1+ 37. Kg2 1/2-1/2

[Event "Bymesterskapet i Tromsø 2026"]
[Site "Tromsø Sjakklubb"]
[Date "2026.02.14"]
[Round "3"]
[White "Remman, Frank"]
[Black "Røyset, Pål"]
[Result "0-1"]
[WhiteElo "1846"]
[BlackElo "2084"]
[PlyCount "108"]
[EventDate "2026.??.??"]

1. d4 d5 2. c4 e6 3. g3 dxc4 4. Nf3 Bd7 5. Bg2 Bc6 6. Nbd2 b5 7. O-O Nf6 8. Qc2
Bb4 9. a4 a6 10. axb5 axb5 11. Rxa8 Bxa8 12. Nxc4 O-O 13. Nce5 Be4 14. Qb3 Na6
15. Rd1 Qd5 16. Qxd5 Nxd5 17. Bd2 Bd6 18. Ne1 Bxg2 19. Kxg2 Bxe5 20. dxe5 Nc5
21. Nf3 Ra8 22. Nd4 b4 23. Nc6 b3 24. Na5 h6 25. Ra1 Ne4 26. Be1 Rb8 27. Ra4
Nc5 28. Rc4 Nd7 29. Nc6 Rb5 30. Bd2 N5b6 31. Rb4 Rxb4 32. Bxb4 Nc4 33. Bc3 Nc5
34. Nd4 Nxb2 35. Bxb2 Na4 36. Nxb3 Nxb2 37. f4 Kf8 38. Kf3 Ke7 39. Ke4 Kd7 40.
Kd4 Kc6 41. Nc5 Nd1 42. Ne4 Kb5 43. g4 g6 44. h4 Nb2 45. Nc3+ Kb4 46. Ne4 Na4
47. Kd3 Nc5+ 48. Nxc5 Kxc5 49. e4 Kb4 50. h5 gxh5 51. gxh5 c5 52. Kc2 Kc4 53.
f5 Kd4 54. fxe6 fxe6 0-1

[Event "Bymesterskapet i Tromsø 2026"]
[Site "Tromsø Sjakklubb"]
[Date "2026.02.14"]
[Round "3"]
[White "Valvåg, Torbjørn"]
[Black "Solbu, August"]
[Result "1-0"]
[WhiteElo "2082"]
[BlackElo "1949"]
[PlyCount "91"]
[EventDate "2026.??.??"]

1. e4 c5 2. Nf3 Nc6 3. Bb5 g6 4. c3 e5 5. O-O Bg7 6. d4 cxd4 7. cxd4 exd4 8.
Bf4 a6 9. Ba4 Nge7 10. Bd6 b5 11. Bb3 Bb7 12. Re1 Nc8 13. e5 Nxd6 14. exd6+ Kf8
15. Nbd2 Bf6 16. Bd5 Kg7 17. Ne4 Re8 18. g4 Rb8 19. g5 Be5 20. Bxc6 Bxc6 21.
Nxe5 Bxe4 22. f4 Ba8 23. Qxd4 Qb6 24. Qxb6 Rxb6 25. Nxd7 Rxe1+ 26. Rxe1 Rxd6
27. Nf6 Bc6 28. Kf2 Rd2+ 29. Ke3 Rd6 30. Rc1 h6 31. h4 hxg5 32. hxg5 Kf8 33.
Ng4 b4 34. Ne5 Bd5 35. b3 a5 36. Rc8+ Kg7 37. Nd3 Rb6 38. Rc5 Re6+ 39. Ne5 a4
40. Rxd5 axb3 41. axb3 f6 42. Rd7+ Kf8 43. Rf7+ Kg8 44. Rxf6 Rxf6 45. gxf6 Kf8
46. Ke4 1-0

[Event "Bymesterskapet i Tromsø 2026"]
[Site "Tromsø Sjakklubb"]
[Date "2026.02.14"]
[Round "3"]
[White "Aas, Robert J."]
[Black "Mikalsen, Odd E."]
[Result "0-1"]
[WhiteElo "1887"]
[BlackElo "1910"]
[PlyCount "92"]
[EventDate "2026.??.??"]

1. d4 Nf6 2. c4 e5 3. dxe5 Ne4 4. a3 a5 5. Nf3 Nc6 6. e3 d6 7. Nbd2 Nc5 8. Nb3
Nxb3 9. Qxb3 dxe5 10. Qc3 Bb4 11. axb4 axb4 12. Rxa8 bxc3 13. bxc3 O-O 14. e4
Qd7 15. h3 Qe6 16. g4 Bd7 17. Rxf8+ Kxf8 18. Be2 Na5 19. Ba3+ Kg8 20. Nd2 Qc6
21. Bb4 b6 22. O-O Be6 23. c5 Nb7 24. Ra1 h5 25. Ra8+ Kh7 26. cxb6 cxb6 27.
gxh5 Nc5 28. Rd8 Qc7 29. Ra8 Qe7 30. f4 exf4 31. Nf3 Bxh3 32. e5 Bf5 33. e6 Be4
34. Rb8 Bxf3 35. Bd3+ g6 36. Bxc5 Qxc5+ 37. Kf1 Qd6 38. Bb5 Qxe6 39. Re8 Qh3+
40. Ke1 Bxh5 41. Bc6 Qxc3+ 42. Kf2 Qxc6 43. Rb8 Qf3+ 44. Kg1 Qe3+ 45. Kf1 Qe2+
46. Kg1 f3 0-1

[Event "Bymesterskapet i Tromsø 2026"]
[Site "Tromsø Sjakklubb"]
[Date "2026.02.15"]
[Round "4"]
[White "Røyset, Pål"]
[Black "Tørfoss, Sivert S."]
[Result "0-1"]
[WhiteElo "2084"]
[BlackElo "2150"]
[PlyCount "32"]
[EventDate "2026.??.??"]

1. e4 e5 2. Nf3 Nc6 3. Bb5 a6 4. Bxc6 dxc6 5. d3 Bd6 6. Nbd2 Ne7 7. Nc4 f6 8.
Bd2 c5 9. O-O Be6 10. a3 Qd7 11. Re1 g5 12. b4 h5 13. bxc5 Bxc5 14. Bb4 Ba7 15.
Qd2 Ng6 16. Ne3 g4 0-1

[Event "Bymesterskapet i Tromsø 2026"]
[Site "Tromsø Sjakklubb"]
[Date "2026.02.15"]
[Round "4"]
[White "Gulljord, Birk"]
[Black "Valvåg, Torbjørn"]
[Result "0-1"]
[WhiteElo "1889"]
[BlackElo "2082"]
[PlyCount "106"]
[EventDate "2026.??.??"]

1. d4 d5 2. c4 dxc4 3. e4 b5 4. a4 c6 5. b3 e5 6. d5 Bb4+ 7. Bd2 Bxd2+ 8. Nxd2
cxb3 9. axb5 b2 10. Rb1 cxd5 11. exd5 Nf6 12. Bc4 O-O 13. Ne2 Nxd5 14. O-O Bb7
15. Rxb2 Nb6 16. Ba2 Qg5 17. Ng3 N8d7 18. Nf3 Qf6 19. Nh5 Qh6 20. Ng3 e4 21.
Nd4 Nc5 22. Ndf5 Qf6 23. Rc2 Nba4 24. Qd6 Qd8 25. Rd1 Qxd6 26. Rxd6 g6 27. Ne7+
Kg7 28. Nc6 Rfc8 29. Bd5 a6 30. b6 Nxb6 31. Rxc5 Nxd5 32. Nxe4 Bxc6 33. Rdxc6
Rxc6 34. Rxc6 Ne7 35. Rc7 Rc8 36. Rxc8 Nxc8 37. Kf1 Kf8 38. Ke2 Ke7 39. Kd3 f5
40. Nc5 a5 41. Nb3 a4 42. Nc5 Nb6 43. Kc3 Kd6 44. Kb4 Nd5+ 45. Kc4 a3 46. Nb7+
Ke5 47. Na5 a2 48. Nb3 Nf4 49. g3 Nh3 50. f4+ Ke4 51. Na1 Kf3 52. Kd3 Nf2+ 53.
Kd2 Ng4 0-1

[Event "Bymesterskapet i Tromsø 2026"]
[Site "Tromsø Sjakklubb"]
[Date "2026.02.15"]
[Round "4"]
[White "Mikalsen, Odd E."]
[Black "Sørensen, Olav N."]
[Result "1-0"]
[WhiteElo "1910"]
[BlackElo "1773"]
[PlyCount "73"]
[EventDate "2026.??.??"]

1. e4 c5 2. Nc3 Nc6 3. f4 e6 4. Bb5 d5 5. Bxc6+ bxc6 6. e5 g6 7. Nf3 Ba6 8. b3
Ne7 9. Ba3 Qa5 10. Qc1 d4 11. Ne4 Nd5 12. Kf2 Nxf4 13. Nf6+ Kd8 14. Re1 Be7 15.
d3 Nd5 16. Ng5 Bxf6 17. exf6 Kc7 18. Kg1 Ne3 19. Ne4 Nxc2 20. Qf4+ Kb7 21.
Nxc5+ Kb6 22. Nd7+ Kb7 23. Be7 Rhd8 24. b4 Qf5 25. Qd6 Qd5 26. Nc5+ Kb6 27.
Bxd8+ Rxd8 28. Qe7 Ne3 29. Re2 e5 30. a4 Ra8 31. Nd7+ Kc7 32. Nxe5+ Kb6 33.
Nd7+ Kc7 34. Nc5+ Kb6 35. Rxe3 dxe3 36. Qxe3 Kc7 37. Nxa6+ 1-0

[Event "Bymesterskapet i Tromsø 2026"]
[Site "Tromsø Sjakklubb"]
[Date "2026.02.15"]
[Round "4"]
[White "Aas, Robert J."]
[Black "Remman, Frank"]
[Result "0-1"]
[WhiteElo "1887"]
[BlackElo "1846"]
[PlyCount "62"]
[EventDate "2026.??.??"]

1. d4 Nf6 2. c4 b6 3. Nf3 Bb7 4. g3 e6 5. Bg2 Be7 6. O-O O-O 7. h4 h6 8. d5
exd5 9. Nd4 c6 10. cxd5 Nxd5 11. e4 Nc7 12. Nf5 d5 13. Qg4 Bf6 14. Bxh6 Bc8 15.
Bg5 g6 16. Bh3 gxf5 17. exf5 Bxg5 18. hxg5 Kg7 19. Re1 Nba6 20. f4 Rh8 21. Nc3
Qd6 22. Re5 Nc5 23. Rae1 Nd3 24. R1e2 Nxe5 25. fxe5 Qc5+ 26. Kg2 Qc4 27. Ne4
dxe4 28. g6 Bxf5 29. Qxf5 Qxe2+ 30. Kg1 Qd1+ 31. Bf1 Qf3 0-1

[Event "Bymesterskapet i Tromsø 2026"]
[Site "Tromsø Sjakklubb"]
[Date "2026.02.15"]
[Round "5"]
[White "Tørfoss, Sivert S."]
[Black "Valvåg, Torbjørn"]
[Result "1/2-1/2"]
[WhiteElo "2150"]
[BlackElo "2082"]
[PlyCount "77"]
[EventDate "2026.??.??"]

1. Nf3 d5 2. d4 Nf6 3. c4 c6 4. cxd5 cxd5 5. Nc3 Nc6 6. Bf4 Bf5 7. Qb3 Na5 8.
Qa4+ Bd7 9. Qc2 e6 10. e3 a6 11. Bd3 Rc8 12. O-O Be7 13. Rfc1 O-O 14. Qe2 b5
15. Ne5 Bc6 16. Nd1 Bb7 17. Rc2 Rxc2 18. Qxc2 h6 19. Nxf7 Rxf7 20. Bc7 Qd7 21.
Bxa5 Bd6 22. a4 bxa4 23. Qxa4 Qe7 24. Be1 Rf8 25. b4 e5 26. Bxa6 Bxa6 27. Qxa6
exd4 28. Qd3 dxe3 29. Qxe3 Bxh2+ 30. Kh1 Be5 31. Ra7 Qd6 32. Qc5 Qxc5 33. bxc5
Bd4 34. Bc3 Bxc5 35. Rc7 Bd6 36. Rc6 Ne4 37. Kg1 Nxc3 38. Nxc3 d4 39. Rxd6
1/2-1/2

[Event "Bymesterskapet i Tromsø 2026"]
[Site "Tromsø Sjakklubb"]
[Date "2026.02.15"]
[Round "5"]
[White "Gulljord, Birk"]
[Black "Røyset, Pål"]
[Result "0-1"]
[WhiteElo "1889"]
[BlackElo "2084"]
[PlyCount "34"]
[EventDate "2026.??.??"]

1. d4 Nf6 2. c4 e6 3. Nf3 d5 4. g3 Bb4+ 5. Bd2 Bd6 6. Nc3 c6 7. Bg2 O-O 8. O-O
Nbd7 9. Re1 dxc4 10. e4 e5 11. d5 Nc5 12. Bg5 Nd3 13. Re2 h6 14. Bxf6 Qxf6 15.
h3 Bxh3 16. Nd2 Bc5 17. Qf1 Bg4 0-1

[Event "Bymesterskapet i Tromsø 2026"]
[Site "Tromsø Sjakklubb"]
[Date "2026.02.15"]
[Round "5"]
[White "Remman, Frank"]
[Black "Mikalsen, Odd E."]
[Result "1/2-1/2"]
[WhiteElo "1846"]
[BlackElo "1910"]
[PlyCount "185"]
[EventDate "2026.??.??"]

1. d4 Nf6 2. Nf3 e6 3. c4 d5 4. g3 c5 5. cxd5 exd5 6. Bg2 Be7 7. O-O O-O 8. Nc3
Nc6 9. Bf4 Be6 10. Rc1 Rc8 11. e3 cxd4 12. exd4 Bg4 13. h3 Be6 14. Re1 h6 15.
Qd2 Bf5 16. g4 Ne4 17. Qe3 Bh7 18. Ne5 Bh4 19. Nxe4 dxe4 20. Nxc6 Rxc6 21. Rxc6
bxc6 22. Bxe4 f5 23. Bxf5 Bxf5 24. gxf5 Rxf5 25. Qe6+ Rf7 26. Qe8+ Qxe8 27.
Rxe8+ Kh7 28. Be3 Rd7 29. Re6 Bf6 30. Rxc6 Bxd4 31. Bxd4 Rxd4 32. Ra6 Rd7 33.
b4 Kg8 34. b5 Kf8 35. Kg2 Ke8 36. a4 Kd8 37. a5 Rd5 38. Rxa7 Rxb5 39. a6 Ra5
40. Ra8+ Ke7 41. a7 Kf7 42. Kf3 Ra4 43. Ke3 Kg6 44. Kd3 Kh5 45. Rc8 Rxa7 46.
Rc3 Re7 47. Rc4 g6 48. Rg4 Re1 49. Rg3 g5 50. Kd2 Rh1 51. Ra3 Kh4 52. Ra6 h5
53. Ke2 Kxh3 54. Ra3+ Kh4 55. Ra4+ g4 56. Ra5 Rh3 57. Kf1 Rf3 58. Kg2 Rf6 59.
Re5 Rg6 60. Rd5 Rg5 61. Rd4 Rf5 62. Rd8 Kg5 63. Rd4 h4 64. Rd3 Rb5 65. Rc3 Rb4
66. Rc8 h3+ 67. Kh2 Kf4 68. Rf8+ Ke4 69. Kg3 Rb1 70. Rf4+ Ke5 71. Rxg4 Kf5 72.
Kxh3 Rf1 73. Rg8 Kf4 74. Kg2 Rb1 75. Rf8+ Kg4 76. f3+ Kg5 77. Rf7 Kg6 78. Rf8
Kg7 79. Ra8 Kf6 80. Ra5 Rb4 81. Kg3 Kg6 82. f4 Rb1 83. Rd5 Rg1+ 84. Kf2 Rg4 85.
Kf3 Rg1 86. Rb5 Rf1+ 87. Ke4 Re1+ 88. Kd3 Kf6 89. Ra5 Re8 90. Kd4 Re1 91. Re5
Rd1+ 92. Ke4 Re1+ 93. Kd4 1/2-1/2

[Event "Bymesterskapet i Tromsø 2026"]
[Site "Tromsø Sjakklubb"]
[Date "2026.02.15"]
[Round "5"]
[White "Sørensen, Olav N."]
[Black "Aas, Robert J."]
[Result "0-1"]
[WhiteElo "1773"]
[BlackElo "1887"]
[PlyCount "76"]
[EventDate "2026.??.??"]

1. e4 e6 2. d4 d5 3. e5 c5 4. c3 Nc6 5. Nf3 Qb6 6. Bd3 Bd7 7. O-O cxd4 8. cxd4
Nxd4 9. Nxd4 Qxd4 10. Nc3 Qb6 11. Qe2 a6 12. Kh1 Ne7 13. f4 g6 14. Be3 Qd8 15.
g4 d4 16. Ne4 Bc6 17. Bf2 Nd5 18. Bxd4 Nxf4 19. Qf2 g5 20. Rac1 Qd5 21. Rxc6
bxc6 22. Qf3 Be7 23. Nf6+ Bxf6 24. Be4 Qxd4 25. Bxc6+ Kf8 26. Bxa8 Qxe5 27. h4
h6 28. Qa3+ Kg7 29. Bf3 Qxb2 30. Qxa6 Rd8 31. Qc6 Qxa2 32. Qe4 Qd2 33. h5 Rb8
34. Bd1 Rb2 35. Bc2 Rxc2 36. Rf2 Rc1+ 37. Kh2 Qxf2+ 38. Qg2 Qxg2# 0-1